Statistiques concernant Pokémon-Tous les Professeurs des jeux

Cliquez ici pour prendre le quiz!

Statistiques générales

  • Ce quiz a été pris 28 fois
  • Le résultat moyen est 7 sur 20

Statistiques - réponses

Région (jeu à
défaut)
Professeur% Correct
KantoChen
100%
JohtoOrme
85%
KalosPlatane
78%
SinnohSorbier
67%
HoennSeko
59%
AlolaEuphorbe
56%
UnysKeteleeria
48%
GalarMagnolia/Sonya
44%
PaldeaTurum/Olim
30%
HisuiLavande
26%
Radar Pokémon
+Alola
Pimprenelle
15%
AlolaRaphael Chen
11%
LentisMiroir
7%
Pokémon GoWillow
7%
PassioBellis
4%
Pokémon SleepNéroli
4%
AeosPhora
4%
FiorePressand
4%
RhodeSyrus
4%
PicrossTetra
4%

Distribution des résultats

Percentile par nombre de réponses

% des personnes avec chaque résultat

Votre développement - résultats

Vous n’avez pas pris ce quiz